| 000 | 00540nam a2200205Ia 4500 | ||
|---|---|---|---|
| 003 | GCL | ||
| 008 | 140319s9999 xx 000 0 eng d | ||
| 040 |
_aGCL / _cGCL |
||
| 082 | 0 | 4 |
_a621.3 _bM P |
| 100 | 1 | _aHUGHES, EDWARD | |
| 245 | 1 | 0 |
_aPRINCIPLES OF ELECTRICITY / _cHUGHES, EDWARD |
| 700 | 1 | _aMORLEY, ARTHUR | |
| 700 | 1 | _aBOLTON, W. | |
| 260 |
_a[S.N] : _bELBS LONGMAN ، _c1994 |
||
| 300 | _a504 P | ||
| 650 | 0 | 4 | _aالتحليل الرياضى |
| 650 | 0 | 4 | _aELECTRIC CIRCUIT |
| 650 | 0 | 4 | _aELECTRIC ENGINEERING |
| 942 |
_2ddc _cBK |
||
| 999 |
_c19963 _d19963 |
||